[Event "FIDE World Cup"]
[Site "Khanty-Mansiysk"]
[Date "2005.11.27"]
[Round "1.1"]
[White "Asrian, Karen"]
[Black "Wang, Yue"]
[Result "1/2-1/2"]
[WhiteElo "2645"]
[BlackElo "2585"]
[Annotator "Rogozenco,D"]
[PlyCount "85"]
[EventDate "2005.11.27"]
[EventType "k.o."]
[EventRounds "7"]
[EventCountry "RUS"]
[SourceTitle "CBM 111"]
[Source "ChessBase"]
[SourceDate "2006.04.04"]
[SourceVersion "1"]
[SourceVersionDate "2006.04.04"]
[SourceQuality "1"]

1. e4 c5 2. Nf3 Nc6 3. d4 cxd4 4. Nxd4 Nf6 5. Nc3 e5 6. Ndb5 d6 7. Bg5 a6 8.
Na3 b5 9. Bxf6 gxf6 10. Nd5 f5 11. Bd3 Be6 12. O-O Bxd5 13. exd5 Ne7 14. c3 Bg7
15. Qh5 e4 16. Bc2 O-O 17. Rae1 Qc8 18. f3 (18. Kh1 Rb8 19. f3 b4 20. Nb1 bxc3
21. bxc3 Bxc3 22. Nxc3 Qxc3 23. fxe4 f4 24. Bb3 $2 (24. Bb1 Ng6 25. e5 $1 $11)
24... Ng6 $15 {Shirov-Leko, Dortmund 2002}) 18... b4 19. Nb1 (19. cxb4 Bxb2 20.
fxe4 Bxa3 21. Re3 Qxc2 22. Rg3+ Ng6 23. Rh3 Rfd8 $1 {is most likely to lead to
drawish variations, see comments to 1/2-1/2 Nataf,I (2565)-Spasov,V (2534)/
Mallorca 2004 (30)}) (19. fxe4 bxa3 20. exf5 Qc5+ 21. Kh1 Nxd5 $19 {0-1
Bromann,T (2251)-Nielsen,M (2158)/Ringsted 1998 (28)}) 19... bxc3 20. Nxc3 $146
{This novelty is indeed better than the previously played moves, but on the
other hand it can hardly set any serious problems for Black.} (20. bxc3 Nxd5
21. fxe4 Qc5+ 22. Kh1 Ne3 $17) (20. fxe4 cxb2 $17) 20... Bxc3 21. bxc3 Qxc3 {
As usual in such positions, when the queen controls the long diagonal Black
has no problems.} 22. Bb1 Ng6 $11 {An approved safe method. Black will meet 23.
fxe4 with the advance ...f4.} 23. Qxf5 (23. fxe4 f4 24. e5 (24. Kh1 Rfc8 $5 {
is also good for Black} (24... Rab8)) 24... dxe5 25. Kh1 Rab8 {transposes to
24.Bb1 from Shirov-Leko, see 18.Kh1 above.}) 23... exf3 24. Qxf3 Qxf3 25. Rxf3
Rae8 26. Rxe8 Rxe8 27. Kf2 Rb8 28. Rb3 Rxb3 29. axb3 {The players got
practically by force an equal endgame.} Ne7 30. Be4 a5 31. Ke3 Nc8 32. g4 (32.
Kd4 Nb6 33. g4 h6 34. h4 Kg7 35. g5 hxg5 36. hxg5 f6 37. g6 Kf8 $11) 32... h6
33. Kf4 Kg7 34. h4 Kf6 35. Bf5 Nb6 36. Ke4 a4 37. bxa4 Nxa4 38. Kd4 Nc5 39. Bc2
Na6 40. Ke4 Nb4 41. Bd1 Na6 42. Kf4 Nb4 43. Ke4 1/2-1/2

[Event "DEN-ch"]
[Site "Aarhus"]
[Date "1999.04.01"]
[Round "6"]
[White "Borge, Nikolaj"]
[Black "El Kher, Henrik"]
[Result "1/2-1/2"]
[WhiteElo "2466"]
[BlackElo "2338"]
[Annotator "Rogozenco,D"]
[PlyCount "181"]
[EventDate "1999.03.??"]
[EventType "tourn"]
[EventRounds "9"]
[EventCountry "DEN"]
[EventCategory "10"]
[SourceTitle "CBM 071"]
[Source "ChessBase"]
[SourceDate "1999.08.01"]
[SourceVersion "1"]
[SourceVersionDate "1999.08.01"]
[SourceQuality "1"]

1. e4 c5 2. Nf3 Nc6 3. d4 cxd4 4. Nxd4 Nf6 5. Nc3 e5 6. Ndb5 d6 7. Bg5 a6 8.
Na3 b5 9. Nd5 Be7 10. Bxf6 Bxf6 11. c3 Rb8 12. Nc2 Bg5 {Move order is
essential in this line. White´s reaction must be very concrete to every
Black´s move, otherwise Black can easy reach relatively confortable position.}
(12... O-O 13. h4) 13. a4 $1 {Other moves are weaker.} (13. Be2 O-O $11) (13.
a3 O-O 14. h4 Bh6 15. Be2 (15. Ncb4 Bb7 $11) (15. Bd3 Be6 (15... a5 $6 16. Qe2
$1 Na7 17. g4 $1 Bf4 18. Qf3 $16 {Nisipeanu-Rogozenko/Bucharest/1995}) (15...
Ne7 16. Nxe7+ Qxe7 17. Nb4 Bb7 18. Bc2 $14) 16. Ncb4 Nxb4 17. axb4 (17. Nxb4
Qb6 18. Bc2 Qb7 $11) 17... Bxd5 18. exd5 Ra8 19. Ra5 (19. g3 a5 $11) 19... f5
$13) 15... a5 $11) 13... bxa4 14. Ncb4 Bd7 (14... Nxb4 15. Nxb4 Bd7 (15... Bb7
$2 16. Qxa4+ Qd7 17. Qc2 $16 {Bologan-Bonnet/Bourbon Lancy/1998}) (15... Rxb4
$2 16. cxb4 Qb6 {was met in Esplana-Crosa Coll/WchJ U26,ARG/1997. Although
Black managed to win that game, it can´t be recommended. White can definetely
defend the position and remain with material advantage.}) 16. Bxa6 {with the
same position from the game.} (16. Qxd6 $6 Be7 17. Qxe5 O-O $36)) 15. Bxa6 (15.
h4 $2 Nxb4 (15... Bxh4 $5) 16. Nxb4 Be7 17. Bxa6 O-O 18. O-O Rb6 $15 {>< h4,
Moraru-Rogozenko/Brasov/1998}) 15... Nxb4 (15... O-O $2 16. Rxa4 f5 17. exf5 e4
18. h4 Bh6 19. Nxc6 Bxc6 20. Rc4 Ba8 21. Rc8 Qa5 22. Rxb8 Rxb8 23. Bc4 Rxb2 24.
O-O $16 {Sorokin-Gutman/URS/1978}) 16. cxb4 {White can hardly hope to get
advantage after this.} (16. Nxb4 {Even if Black is able to hold the position
with precise play, this is the strongest move.} Qa5 {The most agressive
continuation.} (16... O-O 17. O-O Be7 18. Qe2 $14 {Chandler-Simic/Beograd/1982}
) 17. Qxd6 (17. Qd5 Qxd5 18. exd5 O-O 19. O-O e4 $11 {Wallace-Rogozenko/
Budapest/1995}) 17... Rb6 18. Qd3 {with a slightly inferior position for Black.
} (18. Qc7 $143 Rxa6 19. Nxa6 Qxa6 20. Qxe5+ Be7 21. Qxg7 Bf6 22. Qg3 Qc4 $132
{Ipavec-Medvegy/Bled/1997})) 16... O-O 17. O-O (17. b3 Ra8 18. Bc4 $2 (18. b5
Bxb5 19. Bxb5 Qa5+ 20. b4 Qxb5 21. Qe2 $44) 18... axb3 19. Bxb3 Bb5 $1 $17 {
Shmuter-Sutovskij/Rishon le Zion/1994}) 17... Bc6 $11 18. b5 {White must
sacrifice something in order to keep his dominating Knight on d5.} (18. Rxa4
Bxa4 19. Qxa4 g6 20. Qc6 Bd2 21. b5 Ba5 22. Bb7 f6 23. b4 Bb6 24. Nxb6 Rf7 $11
{Barua-Lalic/Ubeda/1998}) 18... Bxb5 19. Bxb5 Rxb5 20. Qc2 (20. Qe2 Qd7 21.
Rfb1 Rfb8) 20... Qb8 21. Rfb1 Rc8 22. Qe2 Rbc5 23. h4 (23. Nc3 g6 $5 (23... Qb3
$5) 24. Nxa4 Rc2 25. Qf3 Qb4 {and although White re-established material
equality, Black´s pieces are very active. The position probably remains equal.}
) 23... Rc1+ $1 {The safest decision.} (23... Bxh4 24. g3 Bd8 25. Rxa4 $13 {
This shouldn´t be bad for Black, but at least White managed to keep his b-pawn.
} Rc2 (25... f5 $5) 26. Qf3 Rxb2 $4 27. Rxb2 Qxb2 28. Ra7 f6 29. Qg4 $18) 24.
Rxc1 Rxc1+ 25. Rxc1 Bxc1 26. Qc2 Bxb2 27. Qxa4 Qd8 28. h5 h6 {This is
dead-draw, of course.} 29. g3 Bd4 30. Kg2 Kh7 31. Qa6 Bc5 (31... Qd7 {looks
more natural.}) 32. Qb7 Qe8 33. f3 Qe6 34. Qa8 f6 35. Qd8 Qf7 36. g4 Ba3 {
Black didn´t play the best moves, but even so it seems that he has no problemd
at all.} 37. Qc8 (37. Ne7 Qc4 $11) (37. Kg3 Bc5 38. Ne7 $4 Qa2 39. Kh3 Bg1 $19)
37... Bc5 38. Qf5+ Kh8 39. Qc8+ Kh7 40. Kg3 Ba3 41. Qa8 Bc5 42. Qd8 Qa7 43. Qe7
Qxe7 44. Nxe7 d5 45. Nxd5 Kg8 46. Kg2 Kf7 47. f4 exf4 48. Nxf4 Bd6 49. Ng6 Bc7
50. Kf3 Bd6 51. Ke3 Bb8 52. Kd4 Bg3 53. Kd5 Bh2 54. Nh4 Bg3 55. Nf5 Bf4 56. Nh4
Bg3 57. Ng6 Bh2 58. Nh8+ Kg8 59. Ng6 Kf7 60. Kc6 Ke6 61. Kc5 Bg1+ 62. Kc4 Bh2
63. Kd3 Bd6 64. Nh4 Be5 65. Nf5 Kf7 66. Nh4 Bd6 67. Kd4 Ke6 68. Nf5 Bf8 69. Ke3
Ke5 70. Kf3 Ke6 71. Kf4 Kf7 72. Ke3 Bc5+ 73. Kd3 Bb4 74. Kc4 Ba3 75. Kd5 Bf8
76. Nd4 Bb4 77. Kc6 Bc3 78. Nf5 Ke6 79. Nxg7+ Ke5 80. Nf5 Bd2 81. Kd7 (81. Nd6
Kf4 $11) 81... Kxe4 82. Ke6 Kf3 83. Kxf6 Kxg4 84. Kg6 Kf4 85. Nxh6 Ke5 86. Nf7+
Ke6 87. Ng5+ Bxg5 88. Kxg5 Kf7 89. h6 Kg8 90. Kg6 Kh8 91. h7 1/2-1/2

[Event "Alushta"]
[Site "Alushta"]
[Date "1999.03.05"]
[Round "3"]
[White "Kuzmin, Gennadi P"]
[Black "Malakhatko, Vadim"]
[Result "0-1"]
[WhiteElo "2546"]
[BlackElo "2496"]
[Annotator "Rogozenco,D"]
[PlyCount "72"]
[EventDate "1999.03.03"]
[EventType "tourn"]
[EventRounds "11"]
[EventCountry "UKR"]
[EventCategory "10"]
[SourceTitle "CBM 070"]
[Source "ChessBase"]
[SourceDate "1999.06.08"]
[SourceVersion "1"]
[SourceVersionDate "1999.06.08"]
[SourceQuality "1"]

1. e4 c5 2. Nf3 e6 3. Nc3 Nc6 4. d4 cxd4 5. Nxd4 Nf6 6. Ndb5 d6 7. Bf4 e5 8.
Bg5 a6 9. Na3 b5 10. Nd5 Be7 11. Bxf6 Bxf6 12. c3 O-O 13. Nc2 Bg5 14. Be2 {
This is considered harmless. The only attempt for an opening advantage is 14.
a4. However, Black´s results in the recent practice are good even after 14.a4.}
(14. a4 bxa4 15. Rxa4 a5 16. Bc4 Rb8 17. b3 Kh8 18. O-O f5 (18... g6 19. Qd3 f5
20. Rd1 Bh6 21. Nde3 Rf6 22. f3 Ne7 $11 {Bologan-Degraeve,Belfort 1998}) 19.
exf5 Bxf5 20. Nce3 Bg6 21. Ra2 e4 22. Be2 Bf7 23. Nc4 Bg8 24. Ra3 Rb5 25. Nce3
Rb8 26. Nc4 Rb5 {Socko-Volzhin, Cappelle la Grande 1999}) 14... Rb8 15. O-O Kh8
(15... a5 16. Qd3 Ne7 17. Rfd1 Be6 18. Nxe7+ Bxe7 19. Ne3 Qd7 20. Nd5 Bd8 21.
Rd2 b4 22. cxb4 axb4 23. Qb3 Bb6 $11 {Zagrebelny-Rogozenko, Calcutta 1999}) 16.
Bg4 (16. a4 bxa4 17. Ncb4 $14) 16... Be6 17. Ncb4 Nxb4 18. Nxb4 Rb6 19. Bxe6 $6
{This looks dubious first of all because now White will have no good squares
for his Knight.} fxe6 20. a4 a5 21. Nd3 Qc8 22. axb5 Rxb5 23. Qa4 Qb7 $11 24.
Rad1 Rb6 25. Rfe1 (25. Qxa5 $4 Ra8 $19) 25... h6 26. Qa2 Re8 27. Ra1 Rb5 28. h3
(28. f3 $5) 28... Bf6 29. c4 $6 {Another mistake, after which Black can
disturb the Knight even on d3.} (29. Re2 $11 d5 $6 30. f3 $14) 29... Rb3 30.
Re3 $6 {Now White will have problems due to bad positions of all his pieces.} (
30. Qb1 $142) (30. Qa4 $142 Rc8 31. Rad1) 30... Rb8 31. Qxa5 $2 {This is just
very bad.} (31. Qb1 {Looks ugly, but seems to be necessary for keeping e4 pawn.
} Bg5 32. Re1 {and White still can defend everything.} (32. Re2 $2 Rc3 $1 33.
Rxa5 Rxc4 $17)) 31... Bg5 32. Rf3 Qxe4 $19 33. Qc7 Qd4 34. h4 (34. Ra6 R3b7 $1
(34... Rd8 $2 35. Ra7 e4 $2 36. Ne5 $3 $18) 35. Qxd6 Qxd6 36. Rxd6 e4 $19)
34... e4 35. Rh3 Bd8 36. Qd7 Rxd3 0-1

[Event "Corus-B"]
[Site "Wijk aan Zee"]
[Date "2001.01.25"]
[Round "8"]
[White "De Vreugt, Dennis"]
[Black "Harikrishna, Pentala"]
[Result "1/2-1/2"]
[WhiteElo "2452"]
[BlackElo "2514"]
[Annotator "Rogozenco,D"]
[PlyCount "46"]
[EventDate "2001.01.13"]
[EventType "tourn"]
[EventRounds "11"]
[EventCountry "NED"]
[EventCategory "10"]
[SourceTitle "CBM 081"]
[Source "ChessBase"]
[SourceDate "2001.03.20"]
[SourceVersion "1"]
[SourceVersionDate "2001.03.20"]
[SourceQuality "1"]

1. e4 c5 2. Nf3 Nc6 3. d4 cxd4 4. Nxd4 Nf6 5. Nc3 e5 6. Ndb5 d6 7. Bg5 a6 8.
Na3 b5 9. Bxf6 gxf6 10. Nd5 f5 11. Bd3 Be6 12. O-O Bxd5 13. exd5 Ne7 14. c3 Bg7
15. Qh5 e4 16. Bc2 Qc8 17. Rad1 Qc5 18. Bb1 b4 19. cxb4 Qxb4 20. Nc2 Qxb2 21.
Ne3 Qe5 $5 $146 {[%mdl 8] Novelty in a well-known position. After the game
Almasi,Z-Krasenkow,M/Pula 1997 in which Black got a good position everyone
automatically played 21. ... Qf6. The game move has the idea to stop White's
plan with f2-f3.} (21... Qf6 22. f3 (22. f4 $6 {Interesting that Dolmatov
considers it a possible option for White, evaluating that White has
compensation after it. Comparing with our main game Black is a tempi up, so I
personally doubt the evaluation.}) 22... Bh6 23. Rfe1 Bxe3+ 24. Rxe3 Ng6 25.
fxe4 f4 $44 {1/2-1/2 Dolmatov,S-Shariyazdanov,A/Moscow 1998/ (61)}) 22. f4 (22.
f3 $2 f4 23. Qxe5 Bxe5 24. Nc4 e3 $17) 22... Qf6 23. g4 (23. Kh1 $2 Qg6 24. Qe2
h5 $5) 23... Qg6 (23... Qg6 24. Nxf5 Nxf5 25. Qxf5 Qxf5 26. gxf5 Bc3 27. Bxe4
Ke7 $11 {[%cal Ge7f6,Gc3b4,Gb4c5]}) (23... Rb8 $5 $13) 1/2-1/2

[Event "EU-ch 2nd"]
[Site "Ohrid"]
[Date "2001.06.02"]
[Round "2"]
[White "Kristjansson, Stefan"]
[Black "Malakhatko, Vadim"]
[Result "0-1"]
[WhiteElo "2371"]
[BlackElo "2524"]
[Annotator "Rogozenco,D"]
[PlyCount "70"]
[EventDate "2001.06.01"]
[EventType "swiss"]
[EventRounds "13"]
[EventCountry "YUG"]
[SourceTitle "CBM 084"]
[Source "ChessBase"]
[SourceDate "2001.09.13"]
[SourceVersion "1"]
[SourceVersionDate "2001.09.13"]
[SourceQuality "1"]

1. e4 c5 2. Nf3 e6 3. d4 cxd4 4. Nxd4 Nf6 5. Nc3 Nc6 6. Ndb5 d6 7. Bf4 e5 8.
Bg5 a6 9. Na3 b5 10. Bxf6 gxf6 11. Nd5 f5 12. c3 Bg7 13. Bd3 Be6 14. Qh5 {
Becomes more and more popular, first of all thanks to Anand, who played
several games with this line.} b4 $5 {An old idea of Gennady Timoshenko first
met in the game Beliavsky,A-Sveshnikov,E/Minsk 1976. Black sacrifices a pawn
and starts immediately an active play.} 15. Nxb4 (15. cxb4 $142 {Most certain
better than the game.} Bxd5 16. exd5 Nxb4 17. Qxf5 Nxd5 18. Nc4 Ne7 19. Qh5 Rc8
(19... d5 $2 20. Nxe5 Qa5+ (20... Ng6 $142 21. Nxg6 (21. Nf3 Bxb2) 21... hxg6
22. Qe2+ Kf8 $14 {/+/-.}) 21. Kf1 $16 {/+-. 1-0 Beliavsky,A-Sveshnikov,E/Minsk
1976 (40)}) 20. Rd1 Rc6 21. O-O e4 22. Qg4 Kf8 23. Qxe4 d5 24. Qe2 $2 (24. Qf4
$1 dxc4 (24... Rf6 25. Qd4) 25. Bxc4 Qe8 26. Rd8 $18) 24... dxc4 25. Bxc4 Qc7
$17 {0-1 Ciesielski,J-Przybyla,W/Sponsorow Cup corr 1995 (47)}) 15... Nxb4 16.
cxb4 fxe4 17. Bxe4 d5 18. Bf5 (18. Rd1 $6 Qb6 $1 19. Bxd5 Qxb4+ 20. Kf1 Bxd5
21. Rxd5 Qxb2) 18... Qd7 19. Bxe6 Qxe6 20. O-O O-O $44 {A typical position for
Sveshnikov Sicilian. White is a pawn up, but Black has a strong pawn center
and also the knight on a3 is poor placed. The position might be balanced, with
chances for both sides, but Black can be happy with the position - it is much
easier to play it with Black. And objectively Black is perobably better as
well.} 21. Rad1 f5 22. Rfe1 Rad8 23. Nc2 (23. b5 d4 24. b3 e4 $17) 23... Qc8
24. Rc1 Qd7 25. Qe2 $2 (25. Red1 $142) 25... d4 $17 26. Qxa6 (26. Qc4+ Kh8 27.
f3 d3 $19 {[%cal Rd3d2]}) 26... e4 27. Red1 Kh8 28. Ne3 f4 29. Nf1 d3 30. Rd2
$2 e3 31. fxe3 fxe3 32. Nxe3 Qd4 $19 33. Re1 Rfe8 34. Kf2 Rxe3 (34... Qh4+ $19)
35. Rxe3 Rf8+ 0-1

[Event "Najdorf Memorial 11th"]
[Site "Buenos Aires"]
[Date "2000.09.20"]
[Round "3"]
[White "Milos, Gilberto"]
[Black "Ricardi, Pablo"]
[Result "0-1"]
[WhiteElo "2633"]
[BlackElo "2488"]
[Annotator "Rogozenco,D"]
[PlyCount "72"]
[EventDate "2000.09.18"]
[EventType "tourn"]
[EventRounds "9"]
[EventCountry "ARG"]
[EventCategory "14"]
[SourceTitle "CBM 080"]
[Source "ChessBase"]
[SourceDate "2001.01.25"]
[SourceVersion "1"]
[SourceVersionDate "2001.01.25"]
[SourceQuality "1"]

1. e4 c5 2. Nf3 e6 3. d4 cxd4 4. Nxd4 Nc6 5. Nc3 Nf6 6. Ndb5 d6 7. Bf4 e5 8.
Bg5 a6 9. Na3 b5 10. Nd5 Be7 11. Bxf6 Bxf6 12. c3 Ne7 13. Nxf6+ gxf6 14. c4 f5
(14... Qa5+ $142 15. Qd2 Qxd2+ 16. Kxd2 b4 17. Nc2 Rb8) 15. exf5 Nxf5 16. cxb5
Rg8 17. Bc4 Bb7 18. Bd5 Qa5+ 19. Kf1 Bxd5 20. Qxd5 Ke7 21. Rc1 axb5 22. g3 b4
23. Nb5 Rgc8 24. Kg2 (24. Qb7+ Kd8 25. Kg2 $16) 24... Rxc1 25. Rxc1 Qxa2 26.
Rc7+ Kf6 27. Qf3 (27. Rxf7+ $2 Kg6 28. Qxa2 Rxa2 $17) 27... Ke6 28. b3 (28. Rb7
$1 $40 {[%cal Rb5c7]}) 28... Rg8 29. Rc4 $13 h5 30. Nc7+ Kf6 31. Nd5+ Ke6 32.
Nc7+ Kf6 33. Nd5+ Ke6 34. Nxb4 Qa8 35. Nc6 $4 {[%mdl 8192]} (35. Qxa8 Rxa8 $15
{/-/+.}) 35... d5 $19 36. Qe2 (36. Rc5 Nh4+) 36... dxc4 0-1

[Event "FRA-CHN m"]
[Site "Paris"]
[Date "2006.09.07"]
[Round "4"]
[White "Bauer, Christian"]
[Black "Zhao, Jun"]
[Result "1-0"]
[WhiteElo "2599"]
[BlackElo "2533"]
[Annotator "Rogozenco,D"]
[PlyCount "75"]
[EventDate "2006.09.04"]
[EventType "schev"]
[EventRounds "6"]
[EventCountry "FRA"]
[SourceTitle "CBM 115"]
[Source "ChessBase"]
[SourceDate "2006.11.15"]
[SourceVersion "1"]
[SourceVersionDate "2006.11.15"]
[SourceQuality "1"]

1. e4 c5 2. Nf3 Nc6 3. d4 cxd4 4. Nxd4 Nf6 5. Nc3 e5 6. Ndb5 d6 7. Bg5 a6 8.
Na3 b5 9. Bxf6 gxf6 10. Nd5 f5 11. Bd3 Be6 12. c3 Bg7 13. Qh5 O-O (13... f4 14.
g3 $14) 14. Ne3 {A rare continuation. Christian Bauer connects it with a new
sharp move.} (14. O-O {is the main move.}) (14. exf5 Bxd5 15. f6 {leads to
forced variations, which end with equality.}) 14... f4 15. Nf5 ({Curiously,
sometimes in practice White produces} 15. Nd5 $2 {which does not require many
comments.} f5 $17) 15... Bxf5 (15... Qf6 16. g4 $1 $13) 16. Qxf5 (16. exf5 $6
e4 17. Bxe4 Re8 18. f3 b4 $36) 16... Ne7 (16... b4 {seem to lead to equal
positions:} 17. cxb4 (17. Nc4 bxc3 18. bxc3 Ne7 19. Qh3 {[%cal Gh3c3]} (19. Qh5
$2 d5 20. exd5 e4 {[%csl Rc3]} 21. Bxe4 f5 $17) 19... Rc8 20. O-O Rc6 21. Rfb1
Qc7 22. Rb4 a5 23. Ra4 Ra8 24. Qg4 Rc5 $15 {0-1 Borowski,J-Stechnij,A/Corr
1992 (43)}) 17... Nd4 18. Qh5 Qb6 (18... Rb8 $11) 19. O-O Qxb4 20. Nc2 $11) 17.
Qh5 d5 18. exd5 f5 19. O-O-O $5 $146 {An interesting novelty, which worked out
perfectly in the game. The problem is that white king does not feel safe
neither in the center, nor on the kingside and the French GM decides to hide
it on the queenside. Of course there Black can also organize an attack, but
White hopes that his own attack against black king justifies such a decision.}
(19. Rd1 e4 20. Bc2 (20. d6 $2 exd3) 20... Qd6 21. Bb3 Ng6 22. Nc2 Rae8 23. O-O
f3 24. g3 f4 $44 {1/2-1/2 Hartoch,R (2365)-Ligterink,G (2400)/Leeuwarden 1976 
(45)}) 19... e4 20. Bc2 (20. d6 $2 Ng6 21. Bc2 f3 $1 {[%csl Rh5][%cal Gg6f4]}
22. g3 b4 23. cxb4 Qf6 24. Bb3+ Kh8 25. Rd2 Rad8 26. Nc4 Ne5 27. Nxe5 Qxe5 $17)
20... Ng6 $2 {Allowing White to start first the attack. Instead Black had two
playable options:} ({The quiet one is} 20... Qd6 21. Kb1 (21. g4 Rac8 22. gxf5
b4 $17) (21. Bb3 Bxc3 22. bxc3 Qxa3+ 23. Kb1 Qd6 $132 {[%cal Ga6a5,Ga5a4]})
21... Kh8 (21... Bxc3 22. bxc3 Qxa3 23. d6 $1 ({After} 23. Qg5+ Ng6 24. g4 b4
25. c4 b3 26. Bxb3 Rab8 27. Rd2 Rxb3+ 28. axb3 Qxb3+ 29. Rb2 Qxc4 30. gxf5 (30.
Rd1 $2 e3 31. fxe3 Qe4+ $19) 30... Qd3+ 31. Ka1 Qxd5 {Black is at least not
worse}) 23... Ng6 24. Rd5 Rad8 25. Bb3 Kg7 26. Rhd1 $36) 22. f3 (22. g4 Nxd5
$17) (22. Bb3 Rac8 23. Nc2 a5 {with sufficient counterplay for Black.}) 22...
e3 23. g4 Rac8 24. gxf5 Bf6 {[%cal Gb5b4] with good compensation for the
sacrificed two pawns.}) (20... b4 $1 {This looks even stronger. Starting the
attack offers Black a lot of hidden tactical resources. For instance:} 21. cxb4
(21. Nc4 bxc3 22. b3 Nc8 23. d6 Nb6 $40) 21... f3 $5 22. gxf3 (22. g4 $2 Ng6
23. gxf5 Qf6 24. Nc4 Nf4 25. Qg4 Rac8 $19) (22. g3 Qb6 $17) 22... Ng6 23. fxe4
(23. Nc4 $2 Nf4 $19) 23... Qf6 24. Nc4 Ne5 {and White must try to escape in
variations like} 25. f4 (25. Ne3 Ng4 $1 $19) 25... Nxc4 26. e5 Nxe5 27. Qxf5
Qxf5 28. Bxf5 Rxf5 29. fxe5 Bxe5 $17) 21. g4 $1 b4 ({After} 21... fxg4 22. Bxe4
b4 23. Nc2 bxc3 24. b3 Qd6 25. Rhg1 {White is clearly better as well.}) 22.
gxf5 $1 {This is the point. With the black knight on g6 White can allow
himself not to react to opponent's actions on the queenside.} Ne5 (22... bxa3
23. fxg6 axb2+ 24. Kb1 h6 25. d6 Kh8 26. Qd5 Bxc3 (26... Rc8 27. c4 $18) 27.
g7+ Kxg7 28. Qxe4 $18) 23. Bxe4 Qf6 (23... bxa3 24. f6 Rxf6 25. Qxe5 axb2+ 26.
Kb1 {followed by the advance of central pawns doesn't look good for Black
either.}) 24. Nc2 Nc4 (24... bxc3 $142 25. b3 $16) 25. Rd4 $1 {After this
precise move the game is over. White simply remains with a lot of extra pawns.}
Rac8 26. Qe2 Nxb2 {Desperation in a lost position.} (26... Nd6 27. Rxb4 $19)
27. Kxb2 Rxc3 (27... bxc3+ 28. Ka1 Rb8 29. Rg1 Rb2 30. Ra4 Rfb8 31. Rxa6 Qg5
32. Qe1 $18) 28. Rhd1 $18 {Everything is well protected and Black cannot make
use of the open files or diagonals.} Qb6 29. d6 Rc5 30. f6 Bxf6 31. Qg4+ Kh8
32. Qh3 h5 33. Kb1 b3 34. axb3 Bxd4 35. Rxd4 Rb5 36. b4 Qd8 37. Qe6 Qg5 38. d7
1-0